|
|
|
|
| LEADER |
01012cam a2200265 i 4500 |
| 008 |
171116s2018 nyu 000 1 eng |
| 010 |
|
|
|a 2017051695
|
| 020 |
|
|
|a 9780385542340 (hardcover)
|
| 020 |
|
|
|a 9780525432616 (paperback)
|
| 020 |
|
|
|z 9780385542357 (ebook)
|
| 042 |
|
|
|a pcc
|
| 082 |
0 |
0 |
|a 813.54S15
|2 23
|
| 100 |
1 |
|
|a Schumacher, Julie,
|d 1958-
|
| 245 |
1 |
4 |
|a The Shakespeare requirement /
|c Julie Schumacher
|
| 250 |
|
|
|a First edition.
|
| 260 |
|
|
|a New York :
|b Anchor Books,
|c 2019
|
| 300 |
|
|
|a 308p. ;
|c 20 cm.
|
| 500 |
|
|
|a "Author of Dear Committee Members. A novel"--Dust jacket.
|
| 650 |
|
0 |
|a College teachers
|v Fiction.
|
| 655 |
|
7 |
|a Humorous fiction.
|2 gsafd
|
| 906 |
|
|
|a 7
|b cbc
|c orignew
|d 1
|e ecip
|f 20
|g y-gencatlg
|
| 942 |
|
|
|2 ddc
|c BK
|
| 955 |
|
|
|b xk25 2017-11-16
|i xk25 2017-11-16
|a xn13 2018-09-06 1 copy rec'd., to CIP ver.
|
| 999 |
|
|
|c 351178
|d 351178
|
| 952 |
|
|
|0 0
|1 0
|2 ddc
|4 0
|6 813_000000000000000_54S15_SHA
|7 0
|9 405678
|a UL
|b UL
|c ST1
|d 2020-06-25
|g 295.26
|o 813.54S15 SHA
|p 102722
|r 2020-06-25
|v 399.00
|y BK
|